"Shadowing" of the electromagnetic field of a relativistic electron; Arxiv.org

מידע ביבליוגרפי
Parent link:Arxiv.org.— 2009.— Physics
מחברים אחרים: Naumenko G. A. Gennadiy Andreevich, Artru X., Potylitsyn A. P. Alexander Petrovich, Popov Yu. A. Yuriy Anatolevich, Sukhikh L. G. Leonid Grigorievich
סיכום:Title screen
In coherent radiation sources (diffraction radiation, Smith-Purcell effect, etc.) based on relativistic electrons passing by a material radiator, the electron self-field is partly shadowed after each part of the radiator over a distance of the order of the formation length g2l. This effect has been investigated on coherent diffraction radiation (DR) by electron bunches. An absorbing half-plane screen was placed at various distances L before a standard DR source (inclined half-plane mirror). The DR intensity was reduced when the screen was at small L and on the same side as the mirror. No reduction was observed when the screen was on the opposite side. The shadowing effect can significantly reduce the total energy radiated in a long radiator
שפה:אנגלית
יצא לאור: 2009
נושאים:
גישה מקוונת:http://arxiv.org/abs/0901.2630
פורמט: אלקטרוני Book Chapter
KOHA link:https://koha.lib.tpu.ru/cgi-bin/koha/opac-detail.pl?biblionumber=636385

MARC

LEADER 00000nla0a2200000 4500
001 636385
005 20250327092204.0
035 |a (RuTPU)RU\TPU\network\334 
090 |a 636385 
100 |a 20131212d2009 k||y0rusy50 ba 
101 0 |a eng 
102 |a US 
135 |a drnn ---uucaa 
181 0 |a i  
182 0 |a b 
200 1 |a "Shadowing" of the electromagnetic field of a relativistic electron  |f G. A. Naumenko [et al.] 
203 |a Text  |c electronic 
300 |a Title screen 
320 |a [Referen.: (15 title)] 
330 |a In coherent radiation sources (diffraction radiation, Smith-Purcell effect, etc.) based on relativistic electrons passing by a material radiator, the electron self-field is partly shadowed after each part of the radiator over a distance of the order of the formation length g2l. This effect has been investigated on coherent diffraction radiation (DR) by electron bunches. An absorbing half-plane screen was placed at various distances L before a standard DR source (inclined half-plane mirror). The DR intensity was reduced when the screen was at small L and on the same side as the mirror. No reduction was observed when the screen was on the opposite side. The shadowing effect can significantly reduce the total energy radiated in a long radiator 
463 |t Arxiv.org  |v Physics  |d 2009 
610 1 |a электронный ресурс 
610 1 |a труды учёных ТПУ 
701 1 |a Naumenko  |b G. A.  |c physicist  |c senior research fellow of Tomsk Polytechnic University  |f 1947-  |g Gennadiy Andreevich  |3 (RuTPU)RU\TPU\pers\31524 
701 1 |a Artru  |b X. 
701 1 |a Potylitsyn  |b A. P.  |c Russian physicist  |c Professor of the TPU  |f 1945-  |g Alexander Petrovich  |3 (RuTPU)RU\TPU\pers\26306  |9 12068 
701 1 |a Popov  |b Yu. A.  |c physicist  |c design engineer of Tomsk Polytechnic University  |f 1985-  |g Yuriy Anatolevich  |3 (RuTPU)RU\TPU\pers\31528 
701 1 |a Sukhikh  |b L. G.  |c physicist  |c Professor of Tomsk Polytechnic University, Doctor of Sciences  |f 1984-  |g Leonid Grigorievich  |3 (RuTPU)RU\TPU\pers\31554  |9 15714 
801 2 |a RU  |b 63413507  |c 20160211  |g RCR 
856 4 |u http://arxiv.org/abs/0901.2630 
942 |c CF